000 00468nam a2200145Ia 4500
008 100204s9999 xx 000 0 und d
082 _b12443
100 _aराजे शैलजा
245 _aआसवांची पालखी
260 _b"मनोरमा प्रकाशन , मुंबई"
_c1990
300 _a174
630 _aआसवांची पालखी
730 _aआसवांची पालखी
942 _cBOOK
999 _c456876
_d456873